Máquinas electromecánicas y electromagnéticas
Shranjeno v:
| Glavni avtor: | |
|---|---|
| Format: | Knjiga |
| Jezik: | španščina |
| Izdano: |
Ciudad de México
Representaciones y Servicios de Ingeniería
1974
|
| Teme: | |
| Oznake: |
Označite
Brez oznak, prvi označite!
|
MARC
| LEADER | 00000nam a2200000 a 4500 | ||
|---|---|---|---|
| 001 | UCZ1838 | ||
| 003 | CL-VaPUC | ||
| 008 | 950907e19740000MX |||||||||||||||||spa|d | ||
| 082 | 0 | 4 | |a 621.313 |b MAT |2 21 |
| 100 | |a Matsch, Leander W. |e autor |9 363337 | ||
| 245 | 1 | 0 | |a Máquinas electromecánicas y electromagnéticas |
| 300 | |a 524 p | ||
| 942 | |c BK | ||
| 945 | |d 19950907 00:00:00 |a awong | ||
| 260 | |a Ciudad de México |b Representaciones y Servicios de Ingeniería |c 1974 | ||
| 650 | 0 | |a Máquinas eléctricas |9 260079 | |
| 650 | 7 | |a DISPOSITIVOS ELECTROMECANICOS |2 CL-VaPUC |9 260342 | |
| 650 | 0 | |a Ingeniería eléctrica |9 260573 | |
| 650 | 0 | |a Transformadores |9 345471 | |
| 583 | |a last modification |c 19950907 00:00:00 |k Rodrigo Vera | ||
| 999 | |c 238523 |d 238521 | ||
| 952 | |0 0 |1 0 |4 0 |6 621_313000000000000_MAT_1974 |7 0 |8 A |9 248763 |a BIBING |b BIBING |d 2019-11-18 |i 3133656 |o 621.313 MAT 1974 |p 3133656 |r 2025-01-20 |w 2019-11-18 |y BK |k ING | ||